000 00323nam a2200133Ia 4500
003 OSt
008 191201s1992 xx 000 0 und d
100 _aAGGARWAL, R.K.
245 0 _aPrinciples of Electrical Machine Design
260 _aN. Delhi
_bS.K.Kataria
_c1992
300 _a525
650 _aB.Tech(ECE)
942 _2ddc
_cBK
999 _c433
_d433